| 000 | 00443nam a2200169Ia 4500 | ||
|---|---|---|---|
| 005 | 20250508155645.0 | ||
| 008 | 008 250505s9999 xx 000 0 eng d | ||
| 037 | _aBooks to be hide in OPAC | ||
| 040 |
_aFEDL _beng _cFEDL |
||
| 041 |
_aeng _2eng |
||
| 084 |
_a371.46, MAT/O _qFEDL |
||
| 100 | _aMathur V S | ||
| 245 | 0 | _aGuidance as profession | |
| 300 | _a12p. | ||
| 942 |
_cHB _h371.46, MAT/O |
||
| 999 |
_c1358579 _d1358579 |
||